000 00253nam a2200109Ia 4500
008 190216s9999||||xx |||||||||||||| ||und||
100 _aRajendra Jain
245 0 _aHindi-Kar Ki Kahani
260 _bPoorna Pubs Kozhikode
650 _aHindi
942 _cBK
999 _c15356
_d15356